Foreign-Born Population: Manhattan Quiz Stats

Quiz Updated Oct 7, 2017

Challenge
Share
Tweet
Embed
Score 0/20 Timer 05:00
8 Plays Today
Foreign-Born Population Country % Correct
23,773Mexico
97.3%
65,750China
96.7%
16,408United Kingdom
94.3%
9,777France
93.8%
10,337Canada
93.6%
8,004Germany
92.4%
7,943Russia
91.9%
5,444Italy
91.3%
11,208Japan
91%
14,483India
89.5%
Foreign-Born Population Country % Correct
4,552Brazil
88.3%
4,674Spain
83.3%
11,911North & South Korea
75.3%
4,641Poland
70.2%
4,813Jamaica
58.9%
6,329Colombia
57.6%
4,926Israel
56.9%
109,780Dominican Republic
54%
6,709Philippines
51.4%
15,503Ecuador
24.7%

You're not logged in!

Compare scores with friends on all Sporcle quizzes.
Sign Up with Email
OR
Log In

You Might Also Like...

Show Comments

Extras

Top Quizzes Today


Score Distribution

Your Account Isn't Verified!

In order to create a playlist on Sporcle, you need to verify the email address you used during registration. Go to your Sporcle Settings to finish the process.

Report this User

Report this user for behavior that violates our Community Guidelines.

Details: